Central Library OPAC University of Rajshahi

বঙ্গবন্ধু হত্যার প্রতিবাদ : (Record no. 78810)

MARC details
000 -LEADER
fixed length control field 01039nam a2200229 a 4500
001 - CONTROL NUMBER
control field 78810
003 - CONTROL NUMBER IDENTIFIER
rucl marc code BD-RjUL
005 - DATE AND TIME OF LATEST TRANSACTION
control field 20211209083157.0
008 - FIXED-LENGTH DATA ELEMENTS--GENERAL INFORMATION
fixed length control field 211116s2019 bg ||||| |||| 00| 0 ben d
020 ## - INTERNATIONAL STANDARD BOOK NUMBER
International Standard Book Number 9789840423170
Terms of availability : Tk. 400.00
035 ## - SYSTEM CONTROL NUMBER
System control number (BD-RjUL)79037
040 ## - CATALOGING SOURCE
Original cataloging agency BD-RjUL
Language of cataloging eng
Transcribing agency BD-RjUL
041 ## - LANGUAGE CODE
Language code of text/sound track or separate title ben
082 ## - DEWEY DECIMAL CLASSIFICATION NUMBER
Edition number 23
Classification number 954.9205092
Author mark and year HAB 2019
100 ## - MAIN ENTRY--PERSONAL NAME
Personal name হাননান, মোহাম্মদ
9 (RLIN) 250135
245 ## - TITLE STATEMENT
Title বঙ্গবন্ধু হত্যার প্রতিবাদ :
Remainder of title প্রথম মিছিল, প্রথম সাহিত্য প্রতিক্রিয়া /
Statement of responsibility, etc. মোহাম্মদ হাননান
260 ## - PUBLICATION, DISTRIBUTION, ETC. (IMPRINT)
Place of publication, distribution, etc. ঢাকা :
Name of publisher, distributor, etc. আগামী প্রকাশনী,
Date of publication, distribution, etc. ২০১০ [মুদ্রণ ২০১৯]
300 ## - PHYSICAL DESCRIPTION
Pagination ১৬০ পৃ.;
Size ২২ সেমি.
600 ## - SUBJECT ADDED ENTRY--PERSONAL NAME
Personal name মুজিবুর রহমান ,
Titles and other words associated with a name শেখ,
Dates associated with a name ১৯২০-১৯৭৫
Personal name Mujibur Rahman,
Titles and other words associated with a name Sheikh,
Dates associated with a name 1920-1975
942 ## - ADDED ENTRY ELEMENTS (KOHA)
Source of classification or shelving scheme Dewey Decimal Classification
Koha item type Books
Holdings
Lost status Source of classification or shelving scheme Damaged status Not for loan Collection code Permanent Location Current Location Shelving location Date acquired Source of acquisition Cost, normal purchase price Total Checkouts Full call number Date last seen Copy number Koha item type
  Dewey Decimal Classification     Non-fiction Central Library, University of Rajshahi Central Library, University of Rajshahi   11/11/2021 Rajshahi Bidasagar 300.00   B 954.9205092 HAB 2019 16/11/2021 C-2 Books
  Dewey Decimal Classification   Not For Loan Non-fiction Central Library, University of Rajshahi Central Library, University of Rajshahi Reading Room 11/11/2021 Rajshahi Bidasagar 300.00   B 954.9205092 HAB 2019 16/11/2021 C-1 Books